[Event "Al Ain op 2nd"]
[Site "Al Ain"]
[Date "2013.12.26"]
[Round "7"]
[White "Kurbanov, Charygeldy"]
[Black "Hejazipour, Mitra"]
[Result "1/2-1/2"]
[WhiteElo "2104"]
[BlackElo "2274"]
[PlyCount "126"]
[EventDate "2013.12.19"]
[EventType "swiss"]
[EventRounds "9"]
[EventCountry "UAE"]
[SourceTitle "CBM 158 Extra"]
[Source "ChessBase"]
[SourceDate "2014.02.28"]
[SourceVersion "1"]
[SourceVersionDate "2014.02.28"]
[SourceQuality "1"]

1. d4 Nf6 2. c4 e6 3. Nf3 b6 4. g3 Bb4+ 5. Bd2 Bxd2+ 6. Nbxd2 Bb7 7. Bg2 0-0 8. 0-0 c5 9. a3 Nc6 10. Nb3 d6 11. Rc1 Qc7 12. Qc2 a5 13. e3 Rfc8 14. Rfd1 a4 15. Nbd2 cxd4 16. exd4 Qd8 17. Qd3 Na5 18. h3 d5 19. Ne5 dxc4 20. Nexc4 Bxg2 21. Kxg2 Nxc4 22. Nxc4 h5 23. Qf3 Ra7 24. Ne5 Rac7 25. Rc3 Rxc3 26. bxc3 b5 27. Rb1 Qe8 28. Qb7 Rxc3 29. Rxb5 Nd5 30. Rc5 h4 31. Rxc3 Nxc3 32. g4 Nd5 33. Nf3 Qf8 34. Ng5 Nf4+ 35. Kh2 f6 36. Nf3 g5 37. Qc6 Qxa3 38. Qa8+ Kf7 39. Qa7+ Ke8 40. Qa8+ Kd7 41. Qb7+ Ke8 42. Qa8+ Kf7 43. Qa7+ Qe7 44. Qxa4 Qb7 45. Qa3 Qb8 46. Qa4 Nd3+ 47. Kg2 Qb7 48. Qd1 Nf4+ 49. Kh2 Kg7 50. Ne1 Nxh3 51. Nd3 Nf4 52. Nxf4 Qc7 53. Qf3 gxf4 54. Kh3 Qb8 55. Qe4 Qd6 56. Kxh4 Kh6 57. f3 Kg7 58. Kh5 e5 59. Qb7+ Kf8 60. Qa8+ Kf7 61. Qa2+ Ke7 62. Qa7+ Ke6 63. Qa2+ Ke7 1/2-1/2

[Event "Al Ain op 2nd"]
[Site "Al Ain"]
[Date "2013.12.19"]
[Round "1"]
[White "Kurbanov, Charygeldy"]
[Black "Supatashvili, Khvicha"]
[Result "1/2-1/2"]
[WhiteElo "2104"]
[BlackElo "2455"]
[PlyCount "72"]
[EventDate "2013.12.19"]
[EventType "swiss"]
[EventRounds "9"]
[EventCountry "UAE"]
[SourceTitle "CBM 158 Extra"]
[Source "ChessBase"]
[SourceDate "2014.02.28"]
[SourceVersion "1"]
[SourceVersionDate "2014.02.28"]
[SourceQuality "1"]

1. d4 Nf6 2. c4 e6 3. Nc3 Bb4 4. Qc2 0-0 5. a3 Bxc3+ 6. Qxc3 b6 7. Nf3 Bb7 8. g3 d6 9. Bg2 Nbd7 10. 0-0 a5 11. b3 Be4 12. Bb2 Qb8 13. Nd2 Bxg2 14. Kxg2 a4 15. b4 d5 16. Rac1 c5 17. dxc5 bxc5 18. bxc5 Rc8 19. Qb4 Rxc5 20. Bxf6 gxf6 21. Qxb8+ Rxb8 22. cxd5 Rxd5 23. Rc2 Kg7 24. Rb1 Rxb1 25. Nxb1 Rb5 26. Nd2 Ne5 27. h3 f5 28. f4 Nd7 29. Kf2 Nc5 30. Rc4 Kf6 31. g4 Ke7 32. gxf5 exf5 33. h4 Kd6 34. e4 fxe4 35. Rd4+ Ke7 36. Nxe4 Ke6 1/2-1/2